000 00496nam a22001097a 4500
008 150622b xxu||||| |||| 00| 0 eng d
010 _8HCCRSF:007
245 _aHIGH COURT CRIMINAL SESSION NO. 407OF 1970 Uganda Vs 1.Joseph Kyewalabye 2.Emmanuel Nyananyingi
260 _aHigh Court Kampala
500 _3(Original criminal case no.A.40 of 1970 of the Chief Magistrate's Court of Mengo at Kampala Before-His Worship M.M.Patel,Esq.,-Grd.1. Mag:)
500 _3BEFORE:The Honourable Mr.Justice D.J.Jones.
999 _c6570
_d6570